<?xml version="1.0" encoding="UTF-8"?>
<record
    xmlns:xsi="http://www.w3.org/2001/XMLSchema-instance"
    xsi:schemaLocation="http://www.loc.gov/MARC21/slim http://www.loc.gov/standards/marcxml/schema/MARC21slim.xsd"
    xmlns="http://www.loc.gov/MARC21/slim">

  <leader>00730nam a2200205 a 4500</leader>
  <controlfield tag="001">BRL_1282</controlfield>
  <controlfield tag="005">20190320211128.0</controlfield>
  <controlfield tag="008">191213s1994----mx-ab#####---#000-0#spa-#</controlfield>
  <datafield tag="041" ind1=" " ind2=" ">
    <subfield code="a">spa</subfield>
  </datafield>
  <datafield tag="044" ind1=" " ind2=" ">
    <subfield code="a">mx</subfield>
  </datafield>
  <datafield tag="050" ind1=" " ind2="4">
    <subfield code="a">F1219.1</subfield>
    <subfield code="b">.A58 1994</subfield>
  </datafield>
  <datafield tag="245" ind1="1" ind2="0">
    <subfield code="a">Anuario 1993</subfield>
    <subfield code="b">Instituto Chiapaneco de Cultura.</subfield>
  </datafield>
  <datafield tag="260" ind1=" " ind2=" ">
    <subfield code="a">Tuxtla Guti&#xE9;rrez, Chiapas</subfield>
    <subfield code="b">Gobierno del Estado de Chiapas : Instituto Chiapaneco de Cultura</subfield>
    <subfield code="c">1994</subfield>
  </datafield>
  <datafield tag="300" ind1=" " ind2=" ">
    <subfield code="a">421 p.</subfield>
    <subfield code="b">il., mapas</subfield>
    <subfield code="c">22 cm.</subfield>
  </datafield>
  <datafield tag="504" ind1=" " ind2=" ">
    <subfield code="a">Incluye referencias bibliogr&#xE1;ficas</subfield>
  </datafield>
  <datafield tag="610" ind1="2" ind2="4">
    <subfield code="a">Instituto Chiapaneco de Cultura (M&#xE9;xico)</subfield>
    <subfield code="9">26377</subfield>
  </datafield>
  <datafield tag="650" ind1="1" ind2="4">
    <subfield code="a">Ind&#xED;genas de M&#xE9;xico</subfield>
    <subfield code="x">Vida social y costumbres</subfield>
    <subfield code="z">Chiapas</subfield>
    <subfield code="9">26378</subfield>
  </datafield>
  <datafield tag="651" ind1=" " ind2="4">
    <subfield code="a">Chiapas</subfield>
    <subfield code="x">Vida social y costumbres</subfield>
    <subfield code="9">26379</subfield>
  </datafield>
  <datafield tag="942" ind1=" " ind2=" ">
    <subfield code="2">lcc</subfield>
    <subfield code="c">B</subfield>
  </datafield>
  <datafield tag="999" ind1=" " ind2=" ">
    <subfield code="c">10094</subfield>
    <subfield code="d">10094</subfield>
  </datafield>
  <datafield tag="952" ind1=" " ind2=" ">
    <subfield code="0">0</subfield>
    <subfield code="1">0</subfield>
    <subfield code="4">0</subfield>
    <subfield code="7">0</subfield>
    <subfield code="a">BRL</subfield>
    <subfield code="b">BRL</subfield>
    <subfield code="d">2013-12-19</subfield>
    <subfield code="l">0</subfield>
    <subfield code="o">F1219.1 .A58 1994</subfield>
    <subfield code="p">00022</subfield>
    <subfield code="r">2019-03-22 00:00:00</subfield>
    <subfield code="w">2019-03-22</subfield>
    <subfield code="y">B</subfield>
  </datafield>
</record>
